000 00616cam a2200241 4500
008 000000n1999 000 0 eng u
020 _a0333739566
035 _a(Sirsi) u111621
041 _aeng
050 _a693.54
100 _aMosley, W.H.
245 _aReinforced concrete design.
250 _a5th ed.
260 _aBasingstoke
_bMacMillan
_c1999
300 _axi,385p. : ill. ; 24cm.
350 _a24.99
650 _aPRESTRESSED CONCRETE
650 _aREINFORCED CONCRETE
690 _aBUILT ENVIRONMENT-CONSTRUCTION DESIGN
700 _aBungey, J.H.
700 _aHulse, R.
942 _n0
999 _c101266
_d101266